000 00613cam a2200193 a 4500
999 _c7496
_d7496
003 OSt
005 20200311123929.0
008 070130m20072014nyua 001 0 eng
020 _a9781590176887 (v. 2 : acidfree paper)
082 0 0 _a724.6
_222
_bFIL
100 1 _aFiller, Martin,
_d1948-
245 1 0 _aMakers of modern architecture /
_cMartin Filler.
260 _aNew York :
_bNew York Review Books,
_c2007-c2014.
300 _a2 v. :
_bill. (some col.) ;
_c22 cm.
500 _aIncludes indexes.
500 _a"A New York Review collection"--Jkt.
650 0 _aArchitecture, Modern
_y20th century.
942 _2ddc